| 000 -LEADER |
| fixed length control field |
00629nam a22002177a 4500 |
| 008 - FIXED-LENGTH DATA ELEMENTS--GENERAL INFORMATION |
| fixed length control field |
150930b xxu||||| |||| 00| 0 eng d |
| 020 ## - INTERNATIONAL STANDARD BOOK NUMBER |
| International Standard Book Number |
002439730X |
| 041 0# - LANGUAGE CODE |
| Language code of text/sound track or separate title |
eng |
| 080 ## - UNIVERSAL DECIMAL CLASSIFICATION NUMBER |
| Universal Decimal Classification number |
311.42 |
| 100 1# - Rafti |
| Rafti |
McClave, James T. |
| 245 10 - TITLE STATEMENT |
| Title |
Statistics for business and economics / |
| Statement of responsibility, etc |
es T. McClave, P. George Benson, Terry Sincich. |
| 250 ## - |
| -- |
4th ed. |
| 260 ## - |
| -- |
San Francisco: |
| -- |
Dellen publishing company; |
| -- |
1988. |
| 300 ## - |
| -- |
1267 f.: |
| -- |
me il.; |
| -- |
25 cm. |
| 650 #0 - |
| -- |
Statistika për biznes |
| 650 #0 - |
| -- |
Ekonomi |
| 650 #0 - |
| -- |
Statistikë |
| 700 1# - |
| -- |
Benson, P. George, |
| 700 1# - |
| -- |
Sincich, Terry. |
| 942 ## - ADDED ENTRY ELEMENTS (KOHA) |
| Source of classification or shelving scheme |
|
| Item type |
Books |